Beatriz e o plátano (Registo nº 329)

Detalhes MARC
000 -Etiqueta do registo
Cabeçalho 00878nam0a2200325 4500
005 - Identificador da versão
Campo de controlo 20240813121800.0
010 ## - Número internacional normalizado dos livros (ISBN)
Número (ISBN) 9724121194
021 ## - Número do Depósito Legal
Código do país PT
Número 138365/99
035 ## - Other System Control Numbers
System Control Number 0000342
System Control Number 0000341
System Control Number 0000341
System Control Number 0000335
100 ## - Dados gerais de processamento
Dados gerais de processamento 20150105d2000 m y0pory5003 ba
102 ## - Pais de publicação ou produção
País de publicação Portugal
101 0# - Língua de publicação
Língua do texto, banda sonora, etc. Português
215 ## - Descrição física 
Indicação específica da natureza do documento e extensão da espécie 35, [2] p.
Outras indicações físicas il
200 1# - Titulo e menção de responsabilidade
Título próprio Beatriz e o plátano
Primeira menção de responsabilidade Ilse Losa
Outras menções de responsabilidade il. Lisa Couwenbergh
225 2# - Colecção 
Título próprio da colecção Asa juvenil
Nome de uma parte ou secção Série verde
205 ## - Menção da edição
Menção da edição 8ª ed
210 ## - Publicação, Distribuição, etc. 
Lugar da edição, distribuição, etc. Porto
Nome do editor, distribuidor, etc. Asa
Data da publicação, distribuição, etc. 2000
300 ## - Notas gerais 
Texto da nota Plano Nacional de Leitura
606 ## - Nome comum usado como assunto
Número de registo de entrada de autoridade 0002010
Palavra de ordem Literatura portuguesa
Subdivisão de assunto Conto
Código do sistema CA
675 ## - Classificação Decimal Universal (CDU)
Notação 821.134.3-34
Edição 3ª ed.
Língua da edição por
702 ## - Nome de autor-pessoa física (responsabilidade secundária)
Número de registo de entrada de autoridade 0000352
Palavra de ordem Couwenbergh
Outra parte do nome não tomada para palavra de ordem Lisa
Código de função Ilustrador / Técnico de desenho computorizado
700 #1 - Nome de autor-pessoa física (responsabilidade principal)
Número de registo de entrada de autoridade 0002006
Palavra de ordem Losa
Outra parte do nome não tomada para palavra de ordem Ilse
Datas 1913-2006
966 ## - Identificação da Biblioteca
Sigla EB2,3ENM
942 ## - Elementos de entrada adicionados (Koha)
Tipo de item no Koha Livro
Exemplares
Situação do levantamento Origin of item (home branch) (coded) Biblioteca de empréstimo Código de barras Cota Circulation type (not for loan) Tipo de documento Nota do exemplar Damaged status
  Biblioteca Escolar Eng. Nuno Mergulhão Biblioteca Escolar Eng. Nuno Mergulhão BENM887 82LP-34 LOS PNL   Livro Sem mensagem